| 000 | 00473nam a2200181Ia 4500 | ||
|---|---|---|---|
| 005 | 20250603144703.0 | ||
| 008 | 250603s9999 xx 000 0 und d | ||
| 020 | _a97897883208614 | ||
| 050 | _aJF 1351 .E36/ | ||
| 100 | _aEgonmwan, Johnson A. | ||
| 245 | 0 | _aComparative public administration: meaning, approaches and issues | |
| 260 | _aBenin City | ||
| 260 | _bResyin Nigeria Consults | ||
| 260 | _c2014 | ||
| 300 | _a230 p | ||
| 650 | _aBenin City | ||
| 942 | _cBK | ||
| 999 |
_c39653 _d39653 |
||